Návrh nosných konštrukcií hĺbenného tunela

Gespeichert in:
Bibliographische Detailangaben
1. Verfasser: Kosa, Dominik (Verfasst von)
Weitere Verfasser: Frankovská, Jana (Betreuung Doktorarbeit)
Format: Manuskript Buch
Sprache:Slowakisch
Veröffentlicht: 2021
Schlagworte:
Online-Zugang:http://is.stuba.sk/zp/portal_zp.pl?podrobnosti=159347
https://opac.crzp.sk/?fn=detailBiblioForm&sid=7E417B54B864B7C45F22FC4635AB
Tags: Tag hinzufügen
Keine Tags, Fügen Sie das erste Tag hinzu!

MARC

LEADER 00000ntm a22000003a 4500
001 stuzp84623
003 SK-STU
005 20230515080909.8
007 ta
008 150427s2015----xo-----f-mn---000-0-slo-d
040 |a STU  |b slo 
041 0 |a slo 
100 1 |a Kosa, Dominik  |u 010150  |k Z4  |4 aut  |U SvF Stavebná fakulta  |T SvF Katedra geotechniky  |X 87395  |U V150  |Y 15  |7 87395 
242 0 1 |a Design of load-bearing structures of an excavated tunnel  |y eng 
245 1 0 |a Návrh nosných konštrukcií hĺbenného tunela 
260 |c 2021 
650 4 |a hĺbený tunel  |2 slo 
650 4 |a stropná tunelová doska  |2 slo 
650 4 |a podzemná stena  |2 slo 
650 4 |a excavated tunnel  |2 eng 
650 4 |a cover&cut  |2 eng 
650 4 |a diaphragm wall  |2 eng 
700 1 |a Frankovská, Jana  |u 010150  |k Z1  |4 ths  |U SvF Stavebná fakulta  |T SvF Katedra geotechniky  |X 3849  |U V150  |Y 15  |7 A000003849 
856 4 |u http://is.stuba.sk/zp/portal_zp.pl?podrobnosti=159347 
856 4 |u https://opac.crzp.sk/?fn=detailBiblioForm&sid=7E417B54B864B7C45F22FC4635AB